Т. 2; Нормирование расхода материалов в машиностроении

Detalles Bibliográficos
Parent link:Нормирование расхода материалов в машиностроении: справочник/ под ред. В. В. Валетова. Т. 2.— , 1961
Lenguaje:ruso
Publicado: 1961
Materias:
Formato: MixedMaterials Libro
KOHA link:https://koha.lib.tpu.ru/cgi-bin/koha/opac-detail.pl?biblionumber=292370

MARC

LEADER 00000nam2a2200000 4500
001 292370
005 20231102000504.0
035 |a (RuTPU)RU\TPU\book\316987 
035 |a RU\TPU\book\316985 
090 |a 292370 
100 |a 20150422d1961 km y0rusy50 ca 
101 0 |a rus 
102 |a RU 
105 |a a g 001zy 
200 0 |a Т. 2 
210 |d 1961 
215 |a 479 с.  |c ил. 
320 |a Библиогр.: с. 381-382. 
461 1 |0 (RuTPU)RU\TPU\book\304418  |t Нормирование расхода материалов в машиностроении  |o справочник  |o в 2 т.  |f под ред. В. В. Валетова  |v Т. 2  |d 1961 
606 1 |a Машиностроение  |x Нормативы  |2 stltpush  |3 (RuTPU)RU\TPU\subj\41492  |9 61282 
610 1 |a нормы 
610 1 |a машиностроительные материалы 
610 1 |a нормирование 
610 1 |a методика 
610 1 |a справочники 
675 |a 621.002:658.53(035)  |v 3 
801 1 |a RU  |b 63413507  |c 20150422 
801 2 |a RU  |b 63413507  |c 20150528  |g RCR 
942 |c BK